| 000 | 00655nam a22002177a 4500 | ||
|---|---|---|---|
| 003 | PILC | ||
| 005 | 20150506152116.0 | ||
| 008 | 130803t xxu||||| |||| 00| 0 eng d | ||
| 020 | _a971513212x | ||
| 050 |
_aQR 65 _b.B352 2006 |
||
| 100 |
_aBautista, Joy N. _97419 |
||
| 245 |
_aMicrobiology and Parasitology : _cJoy N. Bautista. _bfor the health professions / |
||
| 250 | _a1st ed. | ||
| 260 |
_aManila, Philippines : _bEducational Publishing House, _c2006. |
||
| 300 |
_a690 pages : _billustrations ; _c26 cm. |
||
| 500 | _aIncludes bibliographical references. | ||
| 562 | _e1 | ||
| 650 | _aMicrobiology. | ||
| 942 |
_2lcc _cBK |
||
| 999 |
_c283866 _d283866 |
||